000 00638nam a22001937a 4500
999 _c20899
_d20899
003 AR-CdUCM
008 190607b ||||| |||| 00| 0 spa d
040 _aMUNICIPALIDAD PROVINCIAL DEL CUSCO
_cBIBLIOTECA MUNICIPAL DEL CUSCO
082 _a800 /
_bP86
245 _aPrimer libro del muchacho moderno :
_bAviones, autos, motores y otros vehículos /
260 _aBarcelona :
_bJuventud,
_c1955.
300 _bIlustraciones,
_c25 cm.
440 _aGrandes Álbumes Juventud
_943621
500 _alibro no enumerado.
650 _aCuentos infantiles
_93927
650 _aCuentos juveniles
_943622
942 _2ddc
_cLIBROS
945 _aAndy